|
|
|
|
| LEADER |
00000 a a2200000 04500 |
| 001 |
2135 |
| 003 |
cru CIDCACS/IIS |
| 005 |
20230530152447.0 |
| 008 |
230320b |||||||| |||| 00| 0 spa d |
| 040 |
|
|
|c cru CIDCACS/IIS
|
| 090 |
|
|
|a 10756.00
|
| 100 |
1 |
|
|a Lungo Uclés, Mario
|
| 245 |
|
|
|a Movimientos urbanos y regionales en Centroamérica en la década de los 80
|
| 260 |
|
|
|a San José:
|b CSUCA,
|c 1988
|
| 300 |
|
|
|a 16 p
|
| 500 |
|
|
|a Colección Centroamérica
|
| 651 |
|
0 |
|9 308
|a CENTROAMERICA
|
| 711 |
1 |
|
|9 10771
|a Seminario sobre Movimientos Sociales y Estructuras Políticas
|c San José Costa Rica
|d 05 al 09 de setiembre 1988
|
| 942 |
|
|
|2 ddc
|c LI
|
| 999 |
|
|
|c 11479
|d 11479
|